|
|
|
|
| LEADER |
00000cam a2200000 7i4500 |
| 001 |
0000007020 |
| 005 |
20151222.0 |
| 008 |
070828 |
| 020 |
|
|
|a 1845573323
|
| 090 |
0 |
0 |
|a JF
|b BIO ENG (6882)
|
| 100 |
1 |
|
|a Joseph,Mary
|
| 245 |
1 |
0 |
|a Guglielmo Marconi :
|b A life story
|c written by Mary Joseph
|
| 260 |
|
|
|a UK :
|b Rising Sun ,
|c 2005
|
| 440 |
|
0 |
|a Great Scientists
|
| 500 |
|
|
|a Children ages 7-9 years old (orange)
|
| 650 |
|
0 |
|a Biography
|x Scientists
|
| 710 |
0 |
|
|a Title
|
| 999 |
|
|
|a 0000988009
|b Book
|c Children Collection
|e Perbadanan Perpustakaan Awam Johor
|
| 999 |
|
|
|a 0000988010
|b Book
|c Children Collection
|e Perbadanan Perpustakaan Awam Johor
|
| 999 |
|
|
|a 0000988011
|b Book
|c Children Collection
|e Cawangan Mersing
|